Don't Look Up Cast - Sudden Death - Statistics

General Stats
  • This quiz has been taken 29 times
  • The average score is 7 of 14
Answers on the Grid
Answers color-coded by a green-red scale on the quiz's grid according to % correct below.
Leonardo DiCaprio
Ron Perlman
Bill Skarsgard
Riley Keough
Jennifer Lawrence
Doug Jones
Shia LaBeouf
Liam Hemsworth
Mark Rylance
Charlotte Gainsbourg
Rob Morgan
Kid Cudi
Chris Evans
Noah Schnapp
Justin Timberlake
Timothee Chalamet
Ariana Grande
Zachary Quinto
Sadie Sink
Katey Sagal
Liev Schreiber
Cate Blanchett
David Duchovny
Chris Pine
Tyler Perry
Keke Palmer
Vincent Diesel
Nicholas Hoult
Jonah Hill
Meryl Streep
 
Answer Stats
Answer % Correct
Leonardo DiCaprio
100%
Jennifer Lawrence
86%
Meryl Streep
83%
Ariana Grande
69%
Jonah Hill
69%
Timothee Chalamet
66%
Cate Blanchett
52%
Mark Rylance
45%
Kid Cudi
38%
Tyler Perry
38%
Ron Perlman
31%
Chris Evans
28%
Liev Schreiber
21%
Rob Morgan
17%
No matching quizzes found
Score Distribution
Percent of People with Each Score
Percentile by Number Answered
Your Score History
You have not taken this quiz